| 000 | 00407 a2200121 4500 | ||
|---|---|---|---|
| 001 | ART_10681 | ||
| 005 | 20260410161831.0 | ||
| 008 | 260409a | ||
| 245 | 1 | 0 | _aEmpresas de servicios públicos. Renegociación de contratos y credibilidad |
| 100 | 1 | _aColomé, Rinaldo A. | |
| 700 | 1 | _aValquez, Carlos S. | |
| 773 | 0 |
_tActualidad Económica _g- Año XIII, Nº 54 (ene./dic. 2003) _wREV5083 |
|
| 999 |
_c23200 _d23200 |
||